MARC

LEADER 00000nam0a2200000 4500
001 251675
005 20231101232658.0
010 |a 5120005543 
035 |a (RuTPU)RU\TPU\book\273983 
090 |a 251675 
100 |a 20140224d1989 k y0rusy50 ca 
101 0 |a rus 
102 |a UA 
105 |a a z 001zy 
200 1 |a Вероятностный расчет и оптимизация  |f И. Н. Коваленко 
210 |a Киев  |c Наукова думка  |d 1989 
215 |a 192 с.  |c ил. 
320 |a Библиогр.: с. 188-190. 
606 1 |a Вероятностей теория  |2 stltpush  |3 (RuTPU)RU\TPU\subj\2254  |9 30841 
610 1 |a расчет 
610 1 |a оптимизация 
610 1 |a вероятности 
610 1 |a случайные величины 
610 1 |a вероятностные модели 
610 1 |a асимптотические методы 
610 1 |a вероятностные расчеты 
675 |a 519.21  |v 3 
700 1 |a Коваленко  |b И. Н.  |g Игорь Николаевич 
801 1 |a RU  |b 63413507  |c 20140224 
801 2 |a RU  |b 63413507  |c 20140228  |g RCR 
942 |c BK